zpět

Detail výsledku týmu

Bar U Souseda, Plzeň

Datum a čas kvízu

20 Celkem bodů Celkový počet nahraných bodů na tomto kvízu bez doplňovacích otázek.
5. Pořadí na kvízu Konečné umístění týmu na tomto kvízu.

Zaznamenané odpovědi

# Otázka Odpověď Body Výsledky
1. Kolik Českých lvů získal při s... 0
2. Do prodejny mobilů přišla žena... 0
3. Mark Hamill se ve čtvrtek dočk... 1
4. Minulý týden byla vydána další... 0
5. Základní část naší hokejové ex... 1
6. V tomto tématu si posvítíme na... 1
7. Které jsou nejrozšířenější jaz... 1
8. Největší jezera na světě co do... 0
9. Státy USA s největší rozlohou:... 0
10. Státy Evropské unie podle rozl... 0